| 000 | 00693nam a2200253 a 4500 | ||
|---|---|---|---|
| 001 | BRCA_5435 | ||
| 005 | 20190320205057.0 | ||
| 008 | 141210s1938----au-a######---#000-0#ger-# | ||
| 041 | _ager | ||
| 044 | _aau | ||
| 050 | 4 |
_aND588 _b.B46 1938 |
|
| 100 | 1 |
_aBenesch, Otto _912725 |
|
| 245 | 1 | 0 |
_aDer Maler Albrecht Altdorfer _cOtto Benesch. |
| 250 | _a4 | ||
| 260 |
_aViena _bAnton Schroll _c1938 |
||
| 300 |
_a54 p. _bil., (algunas a color) 107 láminas _c25 cm. |
||
| 440 | 0 |
_aSammlung Schroll _913824 |
|
| 500 | _aE150 | ||
| 600 | 1 | 4 |
_aAltdorfer, Albrecht _d1480-1538 _913880 |
| 650 | 1 | 4 |
_aPintores alemanes _9797 |
| 650 | 1 | 4 |
_aGrabadores alemanes _97216 |
| 902 | _aGFM | ||
| 942 |
_2lcc _cB |
||
| 999 |
_c5129 _d5129 |
||